Jornades sobre l'Ajut a la Llar
ISBN:
8477941238
Descripción Física:
150 p. ; 24 cm
Colección:
Col·lecció serveis socials
; 7
Materias:
Atenció domiciliària -- Congressos
MARC
| LEADER | 00000nam a2200000Ia 4500 | ||
|---|---|---|---|
| 001 | 9193 | ||
| 003 | BGR | ||
| 005 | 20260324181029.0 | ||
| 008 | 160829s1990 xx 000 0 cat d | ||
| 020 | |a 8477941238 | ||
| 080 | |a S-1-42 | ||
| 111 | |a Jornades sobre l'Ajut a la Llar |9 71307 |c (Badalona : |d 1989) | ||
| 245 | |a Jornades sobre l'Ajut a la Llar | ||
| 260 | |a Barcelona : |b Diputació de Barcelona, Servei de Serveis Socials, |c 1990 | ||
| 300 | |a 150 p. ; |c 24 cm | ||
| 490 | |a Col·lecció serveis socials ; |v 7 | ||
| 650 | |a Atenció domiciliària |x Congressos |9 24813 | ||
| 710 | |a Barcelona (Catalunya : Província). |b Servei de Serveis Socials |9 2896 | ||
| 901 | |a Arxiu | ||
| 942 | |n 1 |2 udc |c JC | ||
| 952 | |0 0 |1 0 |4 0 |6 S142 |7 1 |9 43327 |a Arxiu |b Arxiu |d 2016-12-01 |l 0 |o S-1-42 |p 9193 |r 2016-12-01 00:00:00 |w 2016-12-01 |y ARXIU | ||
| 952 | |0 0 |1 0 |4 0 |6 PDL |7 1 |9 63885 |a Arxiu |b Arxiu |d 2022-09-09 |l 0 |o PDL |p 26801 |r 2022-09-09 00:00:00 |w 2022-09-09 |y ARXIU | ||
| 999 | |c 45872 |d 45872 | ||